书目信息 |
| 题名: |
计算
|
|
| 作者: | ;河北省中小学教材编写组 编 | |
| 分册: | ||
| 出版信息: | 石家庄 河北人民出版社 1978 |
|
| 页数: | 134页 | |
| 开本: | 19cm | |
| 丛书名: | ||
| 单 册: | ||
| 中图分类: | G613.4 | |
| 科图分类: | ||
| 主题词: | 算术--幼儿园--教材 | |
| 电子资源: | ||
| ISBN: | ||
| 000 | 00702nam0 2200229 45 | |
| 001 | 0178004187 | |
| 005 | 20060515172944.26 | |
| 010 | @dCNY0.27 | |
| 091 | @aK7068.920 | |
| 100 | @a19950716d1978 bemy0chiy0121 ea | |
| 101 | 0 | @achi |
| 102 | @aCN@b130000 | |
| 105 | @ay z 000yy | |
| 200 | 10 | @a计算@Aji suan@f河北省中小学教材编写组编@Fhe bei sheng zhong xiao xue jiao cai bian xie zu bian |
| 210 | @a石家庄@c河北人民出版社@d1978 | |
| 215 | @a134页@d19cm | |
| 300 | @a河北省幼儿园试用教材 | |
| 606 | @a算术@x幼儿园@x教材 | |
| 690 | @aG613.4@v3 | |
| 711 | 0 | @a河北省中小学教材编写组@Ahe bei sheng zhong xiao xue jiao cai bian xie zu@4编 |
| 801 | 0 | @aCN@bTSSF@c20060515 |
| 905 | @a10447@dG613.4@e1 | |
| 计算/河北省中小学教材编写组编.-石家庄:河北人民出版社,1978 |
| 134页;19cm |
| 河北省幼儿园试用教材 |
| ISBN :CNY0.27 |
| ● |
| 相关链接 |
|
|
|
|
正题名:计算
索取号:G613.4/1
 
预约/预借
| 序号 | 登录号 | 条形码 | 馆藏地/架位号 | 状态 | 备注 |
| 1 | 0003991 | 202349333 | 密集书库/ [索取号:G613.4/1] | 在馆 |